El framing del spot polt̕ico

Detalles Bibliográficos
Autor principal: Chihu Amparǹ, Aquiles
Formato: eBook
Lenguaje:español
Materias:
Acceso en línea:Acceso restringido

MARC

LEADER 00000nam a22000007a 4500
005 20171121162412.0
007 cr|||| ||||
008 171121s2081 mx |||||s|||| 00||0 spa d
020 |a 978-607-401-249-1 
035 |a 20812 
040 |a vLex 
090 |c 7204  |d 7204 
100 1 |a Chihu Amparǹ, Aquiles 
245 1 3 |a El framing del spot polt̕ico  |h [Recurso electrn̤ico] /  |c Aquiles Chihu Amparǹ 
256 |a Servicio en ln̕ea 
300 |a 1 recurso electrn̤ico (190p.) 
506 1 |a Disponible solo en los productos indicados  |d vLex Global  |d vLex Global (Academic Edition, excluding Law Schools)  |d vLex Global (U.S. Academic Edition, Law Schools)  |d vLex Global (U.S. Academic Edition, excluding Law Schools)  |d vLex Global (Academic Edition, Law Schools) 
650 0 4 |a Ciencias sociales 
740 0 |a vLex Libros (Servicio en ln̕ea) 
856 4 0 |u http://vlex.com/source/framing-spot-politico-20812  |z Acceso restringido 
942 |c BOOK 
999 0 |a Social Sciences